000 00223 a2200097 4500
001 57028
100 _a
245 _a100 poems by Faiz Ahmed Faiz
260 _aNew Delhi
_bAbhinav pub
_c2002
090 _c34952
_d34952
942 _aNUST-CAE
_cMONOGRAPH
_c27727
999 _c292101
_d292101